| 000 | 00616nam a2200205 a 4500 | ||
|---|---|---|---|
| 005 | 20210219152845.0 | ||
| 008 | 991125n 000 0 spa u | ||
| 035 | _aUPN01000063528 | ||
| 100 | 1 | _aAlvarez Díaz, Alfredo | |
| 222 | _aEDUCACION (CUBA) | ||
| 245 | _aAlgunas cuestiones acerca de los medios de enseñanza y el experimento químico en la enseñanza media | ||
| 300 | _a97-105 | ||
| 362 | 0 | _a1979 Año 9, no. 33, abr.-jun. | |
| 653 | 0 | _aEDUCACION SECUNDARIA | |
| 653 | 0 | _aEXPERIMENTOS EDUCATIVOS | |
| 653 | 0 | _aMEDIOS DIDACTICOS | |
| 653 | 0 | _aQUIMICA | |
| 904 |
_aAC _b001339 |
||
| 905 | _aArticulo | ||
| 999 |
_c62157 _d62157 |
||